El Sujeto como premisa frente a las robinsonadas del libre comercio /
Guardat en:
| Autor principal: | |
|---|---|
| Format: | Text |
| Matèries: | |
| Etiquetes: |
Afegir etiqueta
Sense etiquetes, Sigues el primer a etiquetar aquest registre!
|
MARC
| LEADER | 00000 a a2200000 04500 | ||
|---|---|---|---|
| 001 | 11772 | ||
| 003 | |||
| 040 | |||
| 100 | |a Aguilar Sánchez, Carlos Guillermo | ||
| 245 | |a El Sujeto como premisa frente a las robinsonadas del libre comercio / |c Carlos Guillermo Aguilar Sánchez | ||
| 650 | |a LIBRE COMERCIO | ||
| 773 | |g número 102; páginas 24-26 | ||
| 999 | |c 21865 |d 21865 | ||
| 773 | 0 | |0 41641 |9 2478 |a Departamento Ecuménico de Investigaciones (DEI) |d San José, Costa Rica Departamento Ecuménico de Investigaciones (DEI) |o 20180 |t Pasos / | |
| 773 | 0 | |0 41641 |9 2478 |a Departamento Ecuménico de Investigaciones (DEI) |d San José, Costa Rica Departamento Ecuménico de Investigaciones (DEI) |o 20180 |t Pasos / | |
